<?xml version="1.0" encoding="UTF-8"?>
<record
    xmlns:xsi="http://www.w3.org/2001/XMLSchema-instance"
    xsi:schemaLocation="http://www.loc.gov/MARC21/slim http://www.loc.gov/standards/marcxml/schema/MARC21slim.xsd"
    xmlns="http://www.loc.gov/MARC21/slim">

  <leader>01652nam a22002297a 4500</leader>
  <controlfield tag="001">6673</controlfield>
  <controlfield tag="003">FISKH</controlfield>
  <controlfield tag="005">20250520101531.0</controlfield>
  <controlfield tag="008">250520b        cb ||||| |||| 00| 0 eng d</controlfield>
  <datafield tag="040" ind1=" " ind2=" ">
    <subfield code="a">FISKH</subfield>
    <subfield code="b">khr</subfield>
    <subfield code="c">FISKH</subfield>
    <subfield code="d">FISKH</subfield>
  </datafield>
  <datafield tag="082" ind1=" " ind2=" ">
    <subfield code="a">510</subfield>
  </datafield>
  <datafield tag="100" ind1=" " ind2=" ">
    <subfield code="a">Som Art , Chan</subfield>
  </datafield>
  <datafield tag="245" ind1=" " ind2=" ">
    <subfield code="a">&#x1780;&#x17C6;&#x178E;&#x17C2; &#x179B;&#x17C6;&#x17A0;&#x17B6;&#x178F;&#x17CB;&#x179B;&#x17B8;&#x17C6;&#x1798;&#x17B8;&#x178F; &#x1790;&#x17D2;&#x1793;&#x17B6;&#x1780;&#x17CB;&#x1791;&#x17B8;&#x17E1;&#x17E2; /</subfield>
    <subfield code="c">&#x179A;&#x17C0;&#x1794;&#x179A;&#x17C0;&#x1784;&#x178A;&#x17C4;&#x1799; : &#x1785;&#x17B6;&#x1793;&#x17CB; &#x179F;&#x17C6;&#x17A2;&#x17B6;&#x178F;&#x200B; , &#x178F;&#x17D2;&#x179A;&#x17BD;&#x178F;&#x1796;&#x17B7;&#x1793;&#x17B7;&#x178F;&#x17D2;&#x1799;&#x178A;&#x17C4;&#x1799; &#x179B;&#x17C4;&#x1780; &#x1798;&#x17C9;&#x17C1;&#x1793; &#x179A;&#x17C9;&#x17B6;&#x178A;&#x17C1;&#x178F; ,&#x179B;&#x17C4;&#x1780; &#x17A2;&#x17C6; &#x1792;&#x17BD;&#x1793; &#x1793;&#x17B7;&#x1784;&#x179B;&#x17C4;&#x1780; &#x17A0;&#x17BB;&#x17BA;&#x1798; &#x1794;&#x17BB;&#x178F;&#x17D2;&#x179A;&#x17B6;&#x200B;</subfield>
  </datafield>
  <datafield tag="260" ind1=" " ind2=" ">
    <subfield code="a">&#x1797;&#x17D2;&#x1793;&#x17C6;&#x1796;&#x17C1;&#x1789; : </subfield>
    <subfield code="b">&#x1794;&#x17B6;&#x1780;&#x17CB;&#x1791;&#x17BC;&#x1780; &#x1790;&#x178F;&#x1785;&#x17C6;&#x179B;&#x1784;&#x200B; , </subfield>
    <subfield code="c">&#x17E2;&#x17E1;&#x17E0;&#x17E2; . </subfield>
  </datafield>
  <datafield tag="300" ind1=" " ind2=" ">
    <subfield code="a">148 pages : </subfield>
    <subfield code="b">illustrations ; </subfield>
    <subfield code="c">15 cm . </subfield>
  </datafield>
  <datafield tag="520" ind1=" " ind2=" ">
    <subfield code="a">&#x179F;&#x17C0;&#x179C;&#x1797;&#x17C5; &#x1780;&#x17C6;&#x178E;&#x17C2;&#x179B;&#x17C6;&#x17A0;&#x17B6;&#x178F;&#x17CB;&#x179B;&#x17B8;&#x1798;&#x17B8;&#x178F; &#x1790;&#x17D2;&#x1793;&#x17B6;&#x1780;&#x17CB;&#x1791;&#x17B8;&#x17E1;&#x17E2;&#x1793;&#x17C1;&#x17C7;&#x1787;&#x17B6;&#x200B;&#x1787;&#x17C6;&#x1793;&#x17BD;&#x1799;&#x178A;&#x179B;&#x17CB;&#x179F;&#x17B7;&#x179F;&#x17D2;&#x179F;&#x179F;&#x1798;&#x17D2;&#x179A;&#x17B6;&#x1794;&#x17CB;&#x178F;&#x17D2;&#x179A;&#x17C0;&#x1798;&#x1794;&#x17D2;&#x179A;&#x17A1;&#x1784; &#x179F;&#x17B7;&#x179F;&#x17D2;&#x179F;&#x1796;&#x17BC;&#x1780;&#x17C2; &#x17A2;&#x17B6;&#x17A0;&#x17B6;&#x179A;&#x17BB;&#x1794;&#x1780;&#x179A;&#x178E;&#x17CF; &#x1794;&#x17D2;&#x179A;&#x179B;&#x1784;&#x1785;&#x17BC;&#x179B;&#x179F;&#x17B6;&#x179B;&#x17B6;&#x1796;&#x17C1;&#x1791;&#x17D2;&#x1799; &#x1793;&#x17B7;&#x1784;&#x1794;&#x17D2;&#x179A;&#x17A1;&#x1784;&#x1785;&#x17BC;&#x179B;&#x179C;&#x17B7;&#x1791;&#x17D2;&#x1799;&#x17B6;&#x179F;&#x17D2;&#x1790;&#x17B6;&#x1793;&#x1787;&#x17B6;&#x178F;&#x17B7;&#x17A2;&#x1794;&#x17CB;&#x179A;&#x17C6; &#x17D4;</subfield>
  </datafield>
  <datafield tag="520" ind1=" " ind2=" ">
    <subfield code="a">This book of limit exercise solutions for Grade 12 serves as a helpful resource for students preparing for outstanding student competitions, scholarship exams, medical school entrance exams, and the National Institute of Education entrance exam."</subfield>
  </datafield>
  <datafield tag="650" ind1=" " ind2=" ">
    <subfield code="a">&#x179B;&#x17B8;&#x1798;&#x17B8;&#x178F; </subfield>
    <subfield code="v">&#x1782;&#x178E;&#x17B7;&#x178F;&#x179C;&#x17B7;&#x1791;&#x17D2;&#x1799;&#x17B6; &#x1790;&#x17D2;&#x1793;&#x17B6;&#x1780;&#x17CB;&#x1791;&#x17B8;&#x17E1;&#x17E2;</subfield>
  </datafield>
  <datafield tag="650" ind1=" " ind2=" ">
    <subfield code="a">&#x179B;&#x17B8;&#x1798;&#x17B8;&#x178F;</subfield>
    <subfield code="v">Mathematic grade 12 </subfield>
  </datafield>
  <datafield tag="942" ind1=" " ind2=" ">
    <subfield code="2">ddc</subfield>
    <subfield code="c">KHB</subfield>
    <subfield code="n">0</subfield>
  </datafield>
  <datafield tag="999" ind1=" " ind2=" ">
    <subfield code="c">6673</subfield>
    <subfield code="d">6673</subfield>
  </datafield>
  <datafield tag="952" ind1=" " ind2=" ">
    <subfield code="0">0</subfield>
    <subfield code="1">0</subfield>
    <subfield code="2">ddc</subfield>
    <subfield code="4">0</subfield>
    <subfield code="7">0</subfield>
    <subfield code="8">KH</subfield>
    <subfield code="a">002</subfield>
    <subfield code="b">002</subfield>
    <subfield code="c">SKB</subfield>
    <subfield code="d">2025-05-20</subfield>
    <subfield code="l">0</subfield>
    <subfield code="o">SOM 510</subfield>
    <subfield code="p">2025-1335</subfield>
    <subfield code="r">2025-05-20 10:15:26</subfield>
    <subfield code="w">2025-05-20</subfield>
    <subfield code="y">KHB</subfield>
  </datafield>
</record>
